La existencia de Dios
Kaydedildi:
| Yazar: | |
|---|---|
| Materyal Türü: | Kitap |
| Dil: | İspanyolca |
| Baskı/Yayın Bilgisi: |
Buenos Aires
Richardet
1955
|
| Seri Bilgileri: | Biblioteca de Filosofía y Letras
|
| Konular: | |
| Etiketler: |
Etiketle
Etiket eklenmemiş, İlk siz ekleyin!
|
MARC
| LEADER | 00000nam a2200000 a 4500 | ||
|---|---|---|---|
| 001 | UCL1797 | ||
| 003 | CL-VaPUC | ||
| 008 | 030926e19550000AG |||||||||||||||||spa|d | ||
| 082 | 0 | 4 | |a 212.1 |b SCI |2 21 |
| 100 | 0 | |a Sciacca, Michele Federico |e author |9 358535 | |
| 245 | 1 | 3 | |a La existencia de Dios |
| 300 | |a 204 p | ||
| 942 | |c BK | ||
| 945 | |d 20030926 00:00:00 |a vberengu | ||
| 260 | |a Buenos Aires |b Richardet |c 1955 | ||
| 650 | 0 | |a Existencia de Dios |9 266954 | |
| 650 | 0 | |a Fe |9 308036 | |
| 650 | 0 | |a Razón |9 314475 | |
| 583 | |a last modification |c 20030926 00:00:00 |k Rodrigo Vera | ||
| 490 | 0 | |a Biblioteca de Filosofía y Letras | |
| 999 | |c 305237 |d 305235 | ||
| 952 | |0 0 |1 2 |4 0 |6 212_100000000000000_SCI_1955 |7 0 |8 A |9 368361 |a BIBTEO |b BIBTEO |d 2019-11-21 |i 2078724 |o 212.1 SCI 1955 |p 2078724 |r 2019-11-21 |w 2019-11-21 |x Descarte 2019 |y BK |k ICR | ||